Quwwalis / (Record no. 45453)

MARC details
000 -LEADER
fixed length control field 01240njm a22002897a 4500
005 - DATE AND TIME OF LATEST TRANSACTION
control field 20100913144341.0
006 - FIXED-LENGTH DATA ELEMENTS--ADDITIONAL MATERIAL CHARACTERISTICS--GENERAL INFORMATION
fixed length control field a|||||r|||||00| 0
007 - PHYSICAL DESCRIPTION FIXED FIELD--GENERAL INFORMATION
fixed length control field sd ammalaaahaa
008 - FIXED-LENGTH DATA ELEMENTS--GENERAL INFORMATION
fixed length control field 100907t xxu||||| |||| 00| 0 hin d
028 ## - PUBLISHER NUMBER
Publisher number 3AEX 5316
Source Odeon
035 ## - SYSTEM CONTROL NUMBER
System control number GR-02156
040 ## - CATALOGING SOURCE
Original cataloging agency SED
Transcribing agency SED
100 ## - MAIN ENTRY--PERSONAL NAME
Personal name Dey, Manna
9 (RLIN) 18699
245 ## - TITLE STATEMENT
Title Quwwalis /
Statement of responsibility, etc by Manna Dey [et...al] ; lyrics by Sahir ; music by Roshan
Medium [Sound Recording]
246 ## - VARYING FORM OF TITLE
Title proper/short title कुव्वालिस / मन्ना डे
260 ## - PUBLICATION, DISTRIBUTION, ETC. (IMPRINT)
Place of publication, distribution, etc Dum Dum, India
Name of publisher, distributor, etc Angel Records
Date of publication, distribution, etc 1964
300 ## - PHYSICAL DESCRIPTION
Extent 1 sound disc [Gramophone Record] :
Other physical details analog, 33.1/3 rpm
Dimensions 12 in. (LP)
Type of unit Gramophone Records
500 ## - GENERAL NOTE
General note Brief record
500 ## - GENERAL NOTE
General note Records Labels : Odeon, Black
505 ## - FORMATTED CONTENTS NOTE
Formatted contents note Side-1 न तो कारवां की तलाश है (Na to karvan ki talash hai) (Manna Dey) -- Side-2 निगाहें मिलाने को जी चाहता है (Nigahen milane ko jee chahta hai) (Manna Dey)
600 ## - SUBJECT ADDED ENTRY--PERSONAL NAME
Personal name Manna, Dey
9 (RLIN) 19742
650 ## - SUBJECT ADDED ENTRY--TOPICAL TERM
Topical term or geographic name as entry element Quwwali
General subdivision Excerpts
Geographic subdivision India
9 (RLIN) 18876
700 ## - ADDED ENTRY--PERSONAL NAME
Personal name Sahir
9 (RLIN) 18877
700 ## - ADDED ENTRY--PERSONAL NAME
Personal name Roshan
9 (RLIN) 19760
942 ## - ADDED ENTRY ELEMENTS (KOHA)
Source of classification or shelving scheme Dewey Decimal Classification
Item type Gramaphone Records
Holdings
Withdrawn status Lost status Source of classification or shelving scheme Damaged status Not for loan Collection code Home library Current library Date acquired Source of acquisition Total Checkouts Barcode Date last seen Copy number Price effective from Koha item type
    Dewey Decimal Classification   Not For Loan Non-fiction Central Library Central Library 13/09/2010 SED/VEN   GR-02156 13/09/2010 1 13/09/2010 Gramaphone Records

© Delhi Public Library
Hit Counter
free hit counter